000 00855nam a2200217 a 4500
001 000023011
005 20200930021930.0
008 101124s1995 sp r 000 0 spa d
020 _a8478202617
040 _aDO-SdBNP
_bspa
_cBNPHU
082 _aNNN
_bM476e
100 1 _aMazón Nadal, Rogelio.
_947339
245 1 0 _aEl escritor y la preceptiva :
_bestudio técnico-crítico /
_cRogelio Mazón Nadal ; prólogo José Manuel Blecua Teijeiro.
260 _aZaragoza :
_bInstitución "Fernando el Católico",
_c1995.
300 _a173, [2] p. ;
_c21 cm.
490 1 _aPublicación institución "Fernando el Católico"
_v1724
500 _aIncluye datos biográficos del autor en la contracubierta.
700 1 _aBlecua Teijeiro, José Manuel
_epról.
_947340
830 0 _aPublicación institución "Fernando el Católico" ;
_v1724
_947341
049 _aBNGR
999 _c22508
_d22508